| 000 | 00472nam a22001697a 4500 | ||
|---|---|---|---|
| 999 |
_c62861 _d62861 |
||
| 003 | NUST - PNEC | ||
| 005 | 20170511123905.0 | ||
| 008 | 150410b xxu||||| |||| 00| 0 eng d | ||
| 040 | _cLIBRARY | ||
| 082 | _a297.63 HIS | ||
| 100 |
_aHisham, Ibn _9435 |
||
| 245 |
_aSeerat un Nabi (PBUH) Kamil Vol-1 _cIbne-e-Hisham |
||
| 260 |
_aLahore: _bAl Faisal Nashraan, _cc2006 |
||
| 300 |
_a940 p. : _c24 cm. |
||
| 650 |
_92323 _aSeerat un Nabvi (PBUH) _xGeneral |
||
| 942 |
_2ddc _cBK |
||